Artists / Singers by their Songs #20 - Statistics

General Stats
  • This quiz has been taken 190 times
  • The average score is 6 of 10
Answer Stats
Hint Answer % Correct
Jailhouse Rock / Suspicious Minds / In the Ghetto / Can't Help Falling in Love Elvis Presley
95%
Sweet Child O’ Mine / November Rain / Estranged / Patience Guns N' Roses
88%
Roxanne / Message in a Bottle / Every Breath You Take / So Lonely The Police
86%
Call Me Maybe / Good Time / Cut to the Feeling / Run Away With Me Carly Rae Jepsen
83%
Hollaback Girl / Rich Girl / The Sweet Escape / Cool Gwen Stefani
75%
Hit The Road Jack / Georgia On My Mind / Unchain My Heart / I Got a Woman Ray Charles
52%
Straight Up / Opposites Attract / Cold Hearted / The Promise of a New Day Paula Abdul
36%
All I Wanna Do / My Favourite Mistake / Soak Up The Sun / The First Cut Is The Deepest Sheryl Crow
34%
Back for Good / Relight My Fire / Shine / Greatest Day Take That
25%
Glorious / Last One Standing / Coming Home / Everything I Need Skylar Grey
7%
No matching quizzes found
Score Distribution
Percent of People with Each Score
Percentile by Number Answered
Your Score History
You have not taken this quiz